Wybierz kluby Milika - nagła śmierć - Statystyki

Ogólne statystyki
  • Ten quiz został rozwiązany 229 razy
  • Średni wynik to 6 z 8
Answers on the Grid
Answers color-coded by a green-red scale on the quiz's grid according to % correct below.
 
Statystyki odpowiedzi
Odpowiedź % Poprawnych
92%
84%
83%
80%
76%
68%
54%
41%
Nie znaleziono quizów pasujących do podanych kryteriów
Rozkład punktacji
Procent ludzi z każdym wynikiem
Percentyl według liczby udzielonych odpowiedzi
Twoja historia wyników
Nie rozwiązałeś tego quizu